Loading...
| Fine Arts - Classical Music | 9 | 21.11 | 5,422% | 556% | 456% |
| Fine Arts - Other | 6 | 15.00 | 5,400% | 267% | 250% |
| Fine Arts - Painting & Sculpture | 8 | 13.75 | 2,425% | 300% | 500% |
| History - American | 7 | 15.71 | 3,286% | 443% | 329% |
| History - European | 8 | 22.50 | 4,688% | 813% | 400% |
| History - Other | 9 | 18.89 | 3,289% | 333% | 711% |
| History - World | 8 | 15.00 | 5,113% | 313% | 325% |
| Literature - American | 7 | 15.71 | 4,686% | 214% | 471% |
| Literature - British | 9 | 12.22 | 1,800% | 356% | 433% |
| Literature - European | 9 | 17.78 | 5,733% | 489% | 378% |
| Literature - World | 8 | 12.50 | 6,313% | 0% | 225% |
| Mythology | 5 | 18.00 | 2,900% | 440% | 620% |
| Other | 7 | 15.71 | 3,014% | 600% | 357% |
| Philosophy | 6 | 13.33 | 5,117% | 133% | 433% |
| Religion | 7 | 22.86 | 4,386% | 814% | 600% |
| Science - Biology | 11 | 20.00 | 3,118% | 436% | 736% |
| Science - Chemistry | 4 | 20.00 | 3,250% | 825% | 425% |
| Science - Other | 6 | 21.67 | 4,583% | 500% | 683% |
| Science - Physics | 9 | 17.78 | 4,856% | 256% | 500% |
| Social Science | 8 | 21.25 | 4,900% | 625% | 500% |